000 00536nam a2200181Ia 4500
005 20250508153709.0
008 008 250505s9999 xx 000 0 eng d
037 _aBooks to be hide in OPAC
040 _aFEDL
_beng
_cFEDL
041 _aeng
_2eng
084 _a370.954, SIQ/O
_qFEDL
100 _aSiqueira T N
_9139492
245 0 _aEducation of India : History and problems
260 _aLondon, UK
_bOxford University Press
_c1939
300 _a220p.
942 _cHB
_h370.954, SIQ/O
999 _c1344824
_d1344824